[Event "DDR-ch (Women)"]
[Site "Eilenburg"]
[Date "1984.??.??"]
[Round "10"]
[White "Timme, Karin"]
[Black "Wagner Michel, Annett"]
[Result "0-1"]
[WhiteElo "2000"]
[BlackElo "2080"]

1.d4 d5 2.c4 dxc4 3.Nf3 Nf6 4.e3 e6 5.Bxc4 c5 6.O-O a6 7.a4 Nc6 8.Qe2 cxd4
9.Rd1 d3 10.Bxd3 Qc7 11.Nc3 Be7 12.e4 Nb4 13.Bb1 e5 14.Nd5 Nbxd5 15.exd5 Bg4
16.h3 Bxf3 17.Qxf3 O-O 18.Be3 Ne8 19.a5 Nd6 20.Qh5 f5 21.Bb6 Qd7 22.Rc1 Rac8
23.Ba2 Qb5 24.b4 Qxb4 25.Qe2 e4 26.Rab1 Qa3 27.Rc7 Rxc7 28.Bxc7 Rc8 29.Bb6 Bg5
30.Qb2 Qxb2 31.Rxb2 Bf6 32.Rb4 Rc1+ 33.Kh2 f4 34.Bb1 Bc3 35.Rb3 Be5 36.g3 Re1
37.Kg2 Nc4 38.gxf4 Bxf4 39.Rb4 Nd2 40.Ba2 Bd6 41.Rb2 Nf3 42.h4 Rg1+ 43.Kh3 Rh1+
44.Kg4 Rxh4+  0-1

[Event "Hamburg op"]
[Site "Hamburg"]
[Date "1984.??.??"]
[Round "3"]
[White "Kuligowski, Adam"]
[Black "Heinbuch, Detlef"]
[Result "1/2-1/2"]
[WhiteElo "2415"]
[BlackElo "2255"]

1.d4 d5 2.c4 dxc4 3.Nf3 Nf6 4.e3 e6 5.Bxc4 c5 6.O-O a6 7.Qe2 b5 8.Bb3 Bb7
9.Rd1 Nbd7 10.Nc3 Qb8 11.d5 Nxd5 12.Nxd5 Bxd5 13.Bxd5 exd5 14.Rxd5 Be7 15.e4 Nb6
16.Rh5 O-O 17.Be3 Qc7 18.Rc1 Nc4 19.Bg5 Rfe8 20.b3 Ne5 21.Nxe5 Bxg5 22.Rxg5 Rxe5
23.Rxe5 Qxe5 24.Qd3 g6 25.g3 Re8 26.a4 bxa4 27.bxa4 Qxe4 28.Qxa6 Ra8 29.Qb5  1/2-1/2

[Event "Hamburg op"]
[Site "Hamburg"]
[Date "1984.??.??"]
[Round "7"]
[White "Jacoby, Gisbert"]
[Black "Radulov, Ivan"]
[Result "0-1"]
[WhiteElo "2245"]
[BlackElo "2450"]

1.d4 d5 2.c4 dxc4 3.e3 Nf6 4.Bxc4 e6 5.Nf3 c5 6.O-O a6 7.a4 Nc6 8.Qe2 Qc7
9.Nc3 Bd6 10.Rd1 O-O 11.h3 b6 12.d5 exd5 13.Bxd5 Bb7 14.e4 Rae8 15.Bg5 Nd4
16.Nxd4 Nxd5 17.Nxd5 Bxd5 18.Nf5 Rxe4 19.Qh5 Rfe8 20.Nxg7 R8e5 21.f4 Rxf4
22.Ne8 Qc6 23.Nxd6 h6 24.Qxh6 Re2 25.Ne4 Rfxe4 26.Kh1 Rh4 27.Qxh4 Rxg2 28.Ra3 Rxg5+  0-1

[Event "Helsinki"]
[Site "Helsinki"]
[Date "1984.??.??"]
[Round "?"]
[White "Helmers, Knut J"]
[Black "Balashov, Yuri S"]
[Result "1/2-1/2"]
[WhiteElo "2455"]
[BlackElo "2535"]

1.Nf3 d5 2.d4 Nf6 3.c4 dxc4 4.e3 e6 5.Bxc4 c5 6.O-O a6 7.Qe2 b5 8.Bb3 Bb7
9.Rd1 Qc7 10.Nc3 Be7 11.e4 cxd4 12.Nxd4 O-O 13.e5 Nfd7 14.Bf4 Nc5 15.Bc2 Nc6
16.Nxc6 Qxc6 17.Qg4 Rfd8 18.Bg5 Bxg5 19.Qxg5 Qc7 20.a3 h6 21.Qg3 Rxd1+ 22.Rxd1 Rd8
23.Rd6 Rxd6 24.exd6 Qc6 25.f3 Qb6 26.Kh1 b4 27.axb4 Qxb4 28.Qf2 Nd7 29.Qd2 Bd5
30.Qd3 g6 31.h3 Qxd6 32.Nxd5 exd5 33.Qd4 Qe5 34.Qxe5 Nxe5 35.Kg1 Kf8 36.f4 Nc4
37.b3 Na5 38.Bd3 Nxb3 39.Bxa6 Ke7 40.Kf2 Kd6 41.Bb5 Nd4 42.Be8 Ke6 43.Ba4 Nf5
44.Kf3 Ng7 45.h4 Kd6 46.g4 f6 47.g5 fxg5 48.fxg5 hxg5 49.hxg5 Ke5 50.Bc2 Nf5
51.Bd3 Ne7 52.Ke3  1/2-1/2

[Event "Moscow-ch"]
[Site "Moscow"]
[Date "1984.??.??"]
[Round "?"]
[White "Naumkin, Igor"]
[Black "Suetin, Alexey S"]
[Result "1-0"]
[WhiteElo "2325"]
[BlackElo "2405"]

1.d4 d5 2.c4 dxc4 3.Nf3 Nf6 4.e3 e6 5.Bxc4 c5 6.O-O a6 7.a4 Nc6 8.Qe2 cxd4
9.Rd1 Be7 10.exd4 O-O 11.Nc3 Nd5 12.Qe4 Nf6 13.Qe2 Nd5 14.Bd3 Ncb4 15.Bb1 Bd7
16.Ne5 Bc6 17.Ne4 Rc8 18.Ra3 f6 19.Qh5 g6 20.Nxg6 Rf7 21.Rg3 Rg7 22.Nxe7+ Qxe7
23.Nc5 Kh8 24.Re1 Be8 25.Qh3 Rxg3 26.hxg3 Rc6 27.Bd2 b6 28.Nxe6 Bd7 29.Bf5 Nc2
30.Re4  1-0

[Event "Naleczow"]
[Site "Naleczow"]
[Date "1984.??.??"]
[Round "?"]
[White "Stempin, Pawel"]
[Black "Adamski, Jan"]
[Result "1/2-1/2"]
[WhiteElo "2415"]
[BlackElo "2430"]

1.d4 d5 2.c4 dxc4 3.e3 Nf6 4.Bxc4 e6 5.Nf3 c5 6.O-O a6 7.a4 Nc6 8.Qe2 Qc7
9.Rd1 Be7 10.Nc3 O-O 11.Bd2 Rd8 12.Be1 b6 13.d5 exd5 14.Nxd5 Nxd5 15.Bxd5 Bb7
16.Bc3 h6 17.Qc4 Bf8 18.Qg4 b5 19.e4 Qe7 20.Qg3 Rab8 21.Bd2 Nd4 22.Nxd4 cxd4
23.Bf4 Rbc8 24.Rxd4 Bxd5 25.exd5 Rc4 26.Qd3 Qb4  1/2-1/2

[Event "New York Barclay"]
[Site "New York"]
[Date "1984.??.??"]
[Round "6"]
[White "Quinteros, Miguel A"]
[Black "Renna, Tony"]
[Result "1/2-1/2"]
[WhiteElo "2495"]
[BlackElo "2310"]

1.d4 d5 2.c4 dxc4 3.Nf3 Nf6 4.e3 e6 5.Bxc4 c5 6.O-O a6 7.Qe2 b5 8.Bb3 Bb7
9.Rd1 Nbd7 10.e4 cxd4 11.e5 Bxf3 12.gxf3 Nh5 13.Rxd4 Qc7 14.Nc3 Bc5 15.Re4 Be7
16.Bc2 Rc8 17.a3 O-O 18.Kh1 Nb6 19.Bb3 Rfd8 20.Be3 g6 21.Bh6 Ng7 22.Bxg7 Kxg7
23.Rg1 Bxa3 24.Nxb5 axb5 25.bxa3 Qc3 26.Re3 Qd2 27.Re1 Nc4 28.Bxc4 bxc4 29.Qxd2 Rxd2
30.Kg2 c3 31.Rc1 c2 32.Kf1 Rb8 33.Ree1 Rb3 34.a4 Rxf3 35.Re2 Rd1+ 36.Re1 Rxe1+
37.Kxe1 Ra3 38.Rxc2 Rxa4 39.Kf1 Ra5 40.Re2 g5 41.Re3 Kg6 42.h3 h5 43.Kg2 g4
44.hxg4 hxg4 45.Kg3 Ra4 46.Rb3 Kf5 47.Rb7 Ra3+ 48.Kg2 Kg6 49.Rb8  1/2-1/2

[Event "New York Barclay"]
[Site "New York"]
[Date "1984.??.??"]
[Round "9"]
[White "Schroer, Jonathan"]
[Black "Renna, Tony"]
[Result "1/2-1/2"]
[WhiteElo "2325"]
[BlackElo "2310"]

1.d4 d5 2.c4 dxc4 3.Nf3 Nf6 4.e3 e6 5.Bxc4 c5 6.O-O a6 7.a4 Nc6 8.Qe2 cxd4
9.Rd1 Be7 10.exd4 O-O 11.Nc3 Nd5 12.Bd3 Ncb4 13.Bb1 b6 14.Qe4 g6 15.Bh6 Re8
16.Ne5 Bf8 17.Qf3 Qf6 18.Qxf6 Nxf6 19.Bxf8 Rxf8 20.Be4 Ra7 21.Bf3 Bb7 22.Be2 Bd5
23.Nxd5 Nfxd5 24.Rac1 Rb8 25.Nc6 Nxc6 26.Rxc6 Nb4 27.Rc4 a5 28.Rdc1  1/2-1/2

[Event "NZD-ch"]
[Site "?"]
[Date "1984.??.??"]
[Round "?"]
[White "Green, Ewen M"]
[Black "Sarfati, Jonathan D"]
[Result "1-0"]
[WhiteElo "2310"]
[BlackElo "2250"]

1.d4 d5 2.c4 dxc4 3.Nf3 Nf6 4.e3 e6 5.Bxc4 c5 6.O-O a6 7.Qe2 cxd4 8.exd4 Nc6
9.Nc3 Nxd4 10.Nxd4 Qxd4 11.Rd1 Qg4 12.Nd5 Qxe2 13.Nc7+ Ke7 14.Bxe2 Rb8 15.Bf4 Nd7
16.Bg5+ f6 17.Be3 b5 18.Rac1 g6 19.a4 Nb6 20.Bxb6 Rxb6 21.Na8 Rb8 22.Rc7+ Ke8
23.axb5 axb5 24.Bxb5+ Rxb5 25.Rxc8+ Ke7 26.Nc7 Rxb2 27.Re8+ Kf7 28.Rd7+ Kg8
29.g3  1-0

[Event "Pernik"]
[Site "Pernik"]
[Date "1984.??.??"]
[Round "11"]
[White "Lukov, Valentin"]
[Black "Szekely, Peter"]
[Result "1/2-1/2"]
[WhiteElo "2435"]
[BlackElo "2430"]

1.Nf3 d5 2.d4 Nf6 3.c4 dxc4 4.e3 e6 5.Bxc4 c5 6.O-O a6 7.a4 Nc6 8.Nc3 cxd4
9.Nxd4 Bd7 10.Qe2 Be7 11.Rd1 Qc7 12.Nxc6 Bxc6 13.e4 O-O 14.e5 Nd7 15.Bf4  1/2-1/2

[Event "Poznan"]
[Site "Poznan"]
[Date "1984.??.??"]
[Round "7"]
[White "Doda, Zbigniew"]
[Black "Bernard, Ryszard"]
[Result "1/2-1/2"]
[WhiteElo "2340"]
[BlackElo "2415"]

1.d4 d5 2.c4 dxc4 3.Nf3 Nf6 4.e3 e6 5.Bxc4 c5 6.O-O a6 7.dxc5 Bxc5 8.Qxd8+ Kxd8
9.a3 b5 10.Be2 Bb7 11.b4 Bd6 12.Bb2 Nbd7 13.Nbd2 Ke7 14.Ne4 Rac8 15.Rfc1 Nb6
16.Rxc8 Rxc8 17.Rc1  1/2-1/2

[Event "Smederevska Palanka"]
[Site "Smederevska Palanka"]
[Date "1984.??.??"]
[Round "?"]
[White "Lechtynsky, Jiri"]
[Black "Adamski, Jan"]
[Result "1/2-1/2"]
[WhiteElo "2470"]
[BlackElo "2460"]

1.d4 d5 2.c4 dxc4 3.Nf3 Nf6 4.e3 e6 5.Bxc4 c5 6.O-O a6 7.Nc3 b5 8.Bb3 Bb7
9.Qe2 Nbd7 10.Rd1 Qb6 11.a3 Rd8 12.Bc2 Be7 13.dxc5 Bxc5 14.b4 Bd6 15.Bb2 O-O  1/2-1/2

[Event "Tirnavia"]
[Site "Trnava"]
[Date "1984.??.??"]
[Round "4"]
[White "Velikov, Petar"]
[Black "Dobrovolsky, Ladislav"]
[Result "1-0"]
[WhiteElo "2465"]
[BlackElo "2425"]

1.d4 d5 2.c4 dxc4 3.Nf3 Nf6 4.e3 e6 5.Bxc4 c5 6.O-O a6 7.Nc3 b5 8.Bb3 Bb7
9.Qe2 Nbd7 10.Rd1 Bd6 11.dxc5 Bxc5 12.h3 O-O 13.e4 Qc7 14.Bg5 h6 15.Bxf6 Nxf6
16.Rac1 Rac8 17.Ne1 Qb6 18.e5 Nh7 19.Nd3 Bd4 20.Ne4 Bxe4 21.Qxe4 Rfd8 22.h4 Nf8
23.g3 Ng6 24.h5 Nf8 25.Kg2 Nh7 26.f4 a5 27.a3 Nf8 28.Kf3 a4 29.Ba2 Rxc1 30.Rxc1 Bxb2
31.Nxb2 Rd2 32.Bb1 Rxb2 33.Rc8 Rxb1 34.Qa8 Rf1+ 35.Kg4 f5+ 36.Kh3 Rh1+ 37.Qxh1  1-0

[Event "Tunja"]
[Site "Tunja"]
[Date "1984.??.??"]
[Round "6"]
[White "Garcia Gonzales, Guillermo"]
[Black "Vera, Reynaldo"]
[Result "1/2-1/2"]
[WhiteElo "2515"]
[BlackElo "2440"]

1.d4 d5 2.c4 dxc4 3.e3 Nf6 4.Bxc4 e6 5.Nf3 c5 6.O-O a6 7.a3 b5 8.Ba2 Bb7
9.dxc5 Bxc5 10.Qxd8+ Kxd8 11.b4 Bb6 12.Bb2 Nbd7 13.Nbd2 Rc8 14.Rfc1 Ke7 15.Kf1 Rxc1+
16.Rxc1 Rc8 17.Rxc8 Bxc8  1/2-1/2

[Event "Valjevo"]
[Site "Valjevo"]
[Date "1984.??.??"]
[Round "11"]
[White "Campos Moreno, Javier B"]
[Black "Adamski, Jan"]
[Result "0-1"]
[WhiteElo "2415"]
[BlackElo "2430"]

1.d4 d5 2.c4 dxc4 3.Nf3 Nf6 4.e3 e6 5.Bxc4 c5 6.O-O a6 7.Qe2 b5 8.Bb3 Bb7
9.Rd1 Nbd7 10.e4 Bxe4 11.d5 e5 12.Nxe5 Nxe5 13.Nc3 Bd6 14.Nxe4 Nxe4 15.Qxe4 O-O
16.Bc2 f5 17.Qe2 Qh4 18.g3 Qh3 19.f4 Ng4 20.Qg2 Qh5 21.h3 Rae8 22.Bd2 Ne3
23.Bxe3 Rxe3 24.Re1 Rfe8 25.Rxe3 Rxe3 26.Rf1 c4 27.Bd1 Qf7 28.Bf3 a5 29.Qd2 Qa7
30.Kg2 a4 31.Re1 Rxe1 32.Qxe1 Qe7 33.Qe6+ Qxe6 34.dxe6 Kf8 35.Kf2 b4 36.Ke2 b3
37.axb3 c3 38.Kd3 cxb2 39.Kc2 a3 40.g4 g6 41.gxf5 gxf5 42.Bd5 Ke7 43.Kb1 Bxf4
44.b4 Bd6 45.b5 Bc5 46.Kc2 Kd6 47.Ba2 f4 48.Bc4 f3 49.Ba2 f2 50.Bc4 h6 51.Kb1 Kc7
52.Bf1 Kb6 53.Be2 Bd6 54.Kc2 Kc5  0-1

[Event "OHRA-B"]
[Site "Amsterdam"]
[Date "1985.??.??"]
[Round "7"]
[White "Farago, Ivan"]
[Black "Pliester, Leon"]
[Result "1/2-1/2"]
[WhiteElo "2510"]
[BlackElo "2340"]

1.d4 d5 2.c4 dxc4 3.Nf3 Nf6 4.e3 e6 5.Bxc4 c5 6.O-O a6 7.a4 Nc6 8.Qe2 cxd4
9.Rd1 Be7 10.exd4 O-O 11.Nc3 Nd5 12.Qe4 Ncb4 13.Ne5 Ra7 14.Bb3 b6 15.Nxd5 exd5
16.Qf3 Be6 17.Bd2 f6 18.Ng4 Qd7 19.Ne3 Rd8 20.Bxb4 Bxb4 21.Rac1 Be7 22.Qe2 f5
23.Nc2 Bg5 24.Ra1 Bf7 25.Nb4 Qd6 26.Nd3 Re7 27.Qf3 Re4 28.Ne5 Bf6 29.Nxf7 Kxf7
30.Qxf5 Rf4 31.Qh5+ Kg8 32.g3 Rxd4 33.Qe2 Kh8 34.Qxa6 Qb4 35.Rd3 Rxd3 36.Qxd3 g6
37.Rc1 Bxb2 38.Rc7 Qe1+ 39.Kg2 Qe4+ 40.Qxe4 dxe4 41.Re7 Rd4 42.h4 Ba3 43.Re8+ Kg7
44.g4 h6 45.h5 gxh5 46.gxh5 Bc5  1/2-1/2

[Event "Bayamo"]
[Site "Bayamo"]
[Date "1985.??.??"]
[Round "10"]
[White "Pigusov, Evgeny"]
[Black "Garcia Palermo, Carlos"]
[Result "1/2-1/2"]
[WhiteElo "2455"]
[BlackElo "2520"]

1.d4 d5 2.c4 dxc4 3.Nf3 Nf6 4.e3 e6 5.Bxc4 c5 6.O-O a6 7.dxc5 Qxd1 8.Rxd1 Bxc5
9.b3 b5 10.Be2 Bb7 11.Bb2 Nbd7  1/2-1/2

[Event "Midwest Masters"]
[Site "Chicago"]
[Date "1985.??.??"]
[Round "4"]
[White "Kaminsky, Oleg M"]
[Black "Acosta, Mariano"]
[Result "1/2-1/2"]
[WhiteElo "2360"]
[BlackElo "2200"]

1.d4 d5 2.c4 dxc4 3.Nf3 Nf6 4.e3 e6 5.Bxc4 c5 6.O-O a6 7.dxc5 Qxd1 8.Rxd1 Bxc5
9.a3 b5 10.Be2 Nbd7 11.b4 Be7 12.Bb2 Bb7 13.Nbd2 O-O 14.Nb3 Rac8 15.Rac1 h6
16.Nfd4 Nb6 17.Na5 Na4 18.Ba1 Ba8 19.Ndc6 Bd8 20.Bf3 Nb6 21.Be5 Nc4 22.Nxc4 Bxc6
23.Nd6 Bxf3 24.Nxc8 Bxd1 25.Rxd1 Nd5 26.Bd6 Re8 27.Bc5 Bf6 28.Nb6 Nc3 29.Rd3 Ne2+
30.Kf1 Nc1 31.Rd1 Bb2 32.a4 Nb3 33.axb5 axb5 34.Rd3 Nc1 35.Rd7 Bc3 36.Rc7 Na2
37.Rc8 Rxc8 38.Nxc8 Nxb4 39.Bxb4 Bxb4 40.Na7  1/2-1/2

[Event "Capablanca mem-B"]
[Site "Cienfuegos"]
[Date "1985.??.??"]
[Round "4"]
[White "Huerta, Ramon"]
[Black "Garcia Palermo, Carlos"]
[Result "1/2-1/2"]
[WhiteElo "2440"]
[BlackElo "2520"]

1.d4 d5 2.c4 dxc4 3.e3 Nf6 4.Bxc4 e6 5.Nf3 c5 6.O-O a6 7.Qe2 b5 8.Bb3 Bb7
9.Rd1 Nbd7 10.Nc3 Qb6 11.d5 c4 12.dxe6 Qxe6 13.Bc2 Bc5 14.b3  1/2-1/2

[Event "Capablanca mem-B"]
[Site "Cienfuegos"]
[Date "1985.??.??"]
[Round "11"]
[White "Ortega, Lexy"]
[Black "Garcia Palermo, Carlos"]
[Result "0-1"]
[WhiteElo "2385"]
[BlackElo "2520"]

1.d4 d5 2.c4 dxc4 3.e3 Nf6 4.Bxc4 e6 5.Nf3 c5 6.O-O a6 7.Qe2 b5 8.Bb3 Bb7
9.Rd1 Nbd7 10.Nc3 Bd6 11.e4 cxd4 12.Rxd4 Bc5 13.Rd3 Qb8 14.Bg5 O-O 15.Bh4 Bc6
16.Bc2 b4 17.Bg3 Qb7 18.e5 bxc3 19.exf6 cxb2 20.Rb1 Nxf6 21.Be5 Bb5 22.Ng5 Qe7
23.Rxb2 Bxd3 24.Bxd3 h6 25.Ne4 Nxe4 26.Qxe4 f5 27.Qf3 Rad8 28.Bxa6 Rf7 29.Bc4 Bd4
30.Bxd4 Rxd4 31.Bb3 Kh7 32.g3 Rf8 33.Re2 Qd6 34.Qc3 e5 35.Bc2 e4 36.g4 fxg4  0-1

[Event "NOR-ch"]
[Site "Gausdal"]
[Date "1985.??.??"]
[Round "8"]
[White "Bjerke, Richard"]
[Black "Haugli, Petter"]
[Result "0-1"]
[WhiteElo "2275"]
[BlackElo "2305"]

1.Nf3 d5 2.d4 Nf6 3.c4 dxc4 4.e3 e6 5.Bxc4 c5 6.O-O a6 7.Nc3 b5 8.Bb3 Bb7
9.Qe2 Nbd7 10.Rd1 Be7 11.d5 exd5 12.Nxd5 O-O 13.a4 c4 14.Nxf6+ Bxf6 15.Bc2 Qc7
16.Nd4 g6 17.Qg4 Ne5 18.Qg3 b4 19.h4 Rac8 20.h5 b3 21.Bf5 Nf3+ 22.gxf3 Qxg3+
23.fxg3 gxf5 24.Nxf5 Bxf3 25.Rf1 Bxh5 26.Nd6 Bg7 27.Nxc8 Rxc8 28.a5 Bg6 29.Ra4 c3
30.bxc3 Bxc3 31.e4 Rc5 32.Rd1 b2 33.Bh6 f6 34.Be3 Rb5 35.Rb1 Bf7 36.Ra3 Bb3
37.Kg2 Bc2  0-1

[Event "Bundesliga 8485"]
[Site "Germany"]
[Date "1985.??.??"]
[Round "?"]
[White "Hertneck, Gerald"]
[Black "Bachmann, Karlheinz"]
[Result "1/2-1/2"]
[WhiteElo "2405"]
[BlackElo "2325"]

1.d4 d5 2.c4 dxc4 3.Nf3 Nf6 4.e3 e6 5.Bxc4 c5 6.O-O a6 7.Bd3 Nc6 8.Nc3 cxd4
9.exd4 Nb4 10.Bb1 Be7 11.Re1 Bd7 12.Ne5 Bc6 13.a3 Nbd5 14.Nxc6 bxc6 15.Na4 O-O
16.Bd2 a5 17.Qc2 Qd6 18.g3 Rfc8 19.Ba2 Nd7 20.Rac1 Bf6 21.Re4 g6 22.Nc5 Nxc5
23.dxc5 Qb8 24.Rb1 Qb5 25.b4 axb4 26.axb4 Ra3 27.Bc4 Qa4 28.Bb3 Qa7 29.Ree1 Rb8
30.Bxd5 exd5 31.Bf4 Ra8 32.Be5 Bxe5 33.Rxe5 Ra1 34.Ree1 Rxb1 35.Rxb1 Qa2
36.Qxa2 Rxa2 37.b5 cxb5 38.Rxb5  1/2-1/2

[Event "Havana-B"]
[Site "Havana"]
[Date "1985.??.??"]
[Round "13"]
[White "Frey, Kenneth"]
[Black "Garcia Palermo, Carlos"]
[Result "1/2-1/2"]
[WhiteElo "2410"]
[BlackElo "2520"]

1.d4 d5 2.e3 Nf6 3.Nf3 e6 4.c4 dxc4 5.Bxc4 c5 6.dxc5 Qxd1+ 7.Kxd1 Bxc5 8.Nc3 Ke7
9.Ke2 a6 10.Rd1 b5  1/2-1/2

[Event "WchT U26"]
[Site "Mendoza"]
[Date "1985.??.??"]
[Round "4"]
[White "Wilder, Michael"]
[Black "Kivisto, Mikko"]
[Result "1/2-1/2"]
[WhiteElo "2460"]
[BlackElo "2250"]

1.d4 d5 2.c4 dxc4 3.Nf3 Nf6 4.e3 e6 5.Bxc4 c5 6.O-O a6 7.Qe2 b5 8.Bd3 cxd4
9.exd4 Be7 10.a4 bxa4 11.Rxa4 Nc6 12.Nc3 Nb4 13.Bb1 Bb7 14.Bg5 Qb6 15.Rd1 Rd8
16.Ne5 Nbd5 17.Bd3 Nb4 18.Bxf6 gxf6 19.Nc4 Qc7 20.Be4 Rg8 21.Bxb7 Qxb7 22.g3 Rg5
23.Rd2 Kf8 24.Ne4 Rgd5 25.Qe3 Nc6 26.Qh6+ Kg8 27.Ne3 Rxd4 28.Ng4 Rxe4 29.Rxe4 f5
30.Rxd8+ Bxd8 31.Rc4 Qxb2 32.Rxc6 fxg4 33.h3 gxh3 34.Qf4 Qb1+ 35.Kh2 Kg7
36.Qf3 Qf1 37.Qg4+ Kf8 38.Qf3 Qg2+ 39.Qxg2 hxg2 40.Rxa6 Kg7 41.Kxg2 Bf6 42.Ra7 h5
43.f4 Kg6 44.Kf3 Bc3 45.Rc7 Be1 46.Rc5 f6 47.Rb5 Bc3 48.Rb3 Ba1 49.Rb6 Kf5
50.Rb7 Bc3 51.Rc7 Bd4 52.Ke2 Bb6 53.Rb7 Bd4 54.Rb4 Bg1 55.Kf3 Ba7 56.Ra4 Bb6
57.Kg2 Bc7 58.Kh3 Kg6 59.Ra7 Bd8 60.Ra6 Kf5  1/2-1/2

[Event "BUL-ch"]
[Site "Sofia"]
[Date "1985.??.??"]
[Round "1"]
[White "Peev, Peicho Chonev"]
[Black "Semkov, Semko"]
[Result "1/2-1/2"]
[WhiteElo "2370"]
[BlackElo "2415"]

1.d4 d5 2.c4 dxc4 3.e3 Nf6 4.Bxc4 e6 5.Nf3 c5 6.O-O a6 7.a4 Nc6 8.Qe2 cxd4
9.Rd1 Be7 10.exd4 O-O 11.Nc3 Nd5 12.Qe4 Nf6 13.Qh4 Nd5 14.Qe4 Nf6 15.Qe2 Nd5
16.Be3 Ncb4 17.Ne5 Bd7 18.Bb3 Bc6 19.Nxc6 bxc6 20.a5 Bd6 21.Na4 Qxa5 22.Rdc1 Rfe8
23.g3 Qc7 24.Qf3 Rab8 25.Bd2 Qe7 26.Nc3 Nf6 27.Na4 Red8 28.Rc4 Nfd5 29.Nc5 Qf6
30.Qe4 e5 31.dxe5 Qxe5 32.Qxe5 Bxe5 33.Ra4 Bd6 34.Bxb4 Nxb4 35.Raxb4 Bxc5
36.Rxb8 Rxb8 37.Ba4 Bb4 38.Rxc6 a5 39.Rc7 Bf8 40.b3 f6 41.Bc6 Bb4 42.Bd5+ Kh8
43.h4 g6 44.h5 Rd8 45.Bf7 gxh5 46.Bxh5 Rd5 47.Bf7 Re5 48.Bc4 Re7 49.Rc8+ Kg7
50.Kg2 Kg6 51.Bd3+ Kg7 52.Bc4 Kg6 53.f4 Rd7 54.Rg8+ Rg7 55.Rd8 f5 56.Bd3 h5
57.Kf3 Be1 58.Re8 Bxg3 59.Re5 h4 60.Rxf5 Rf7 61.Rxa5+ Kg7 62.Rg5+ Kf8 63.f5 Be5
64.Bc4 Rh7 65.Rg6 h3 66.f6 Rh8 67.f7 Bg7  1/2-1/2

[Event "Tirnavia"]
[Site "Trnava"]
[Date "1985.??.??"]
[Round "8"]
[White "Plachetka, Jan"]
[Black "Kallai, Gabor"]
[Result "1/2-1/2"]
[WhiteElo "2440"]
[BlackElo "2445"]

1.d4 d5 2.c4 dxc4 3.e3 Nf6 4.Bxc4 e6 5.Nf3 c5 6.O-O a6 7.a4 Nc6 8.Nc3 Qc7
9.d5 exd5 10.Nxd5 Nxd5 11.Qxd5 Na5 12.Ba2 Be6 13.Qe4 Qe7 14.Bxe6 Qxe6 15.Qxe6+ fxe6
16.Bd2 Nb3 17.Rad1 Nxd2 18.Nxd2 Be7 19.a5 O-O-O 20.Ne4 Rxd1 21.Rxd1 Rd8 22.Rc1 Rd5
23.b4 Kd7 24.bxc5 Bd8 25.Rb1 Kc6 26.Kf1 Bxa5 27.Ke2 Bc7  1/2-1/2

[Event "Vrnjacka Banja"]
[Site "Vrnjacka Banja"]
[Date "1985.??.??"]
[Round "?"]
[White "Sahovic, Dragutin"]
[Black "Adamski, Jan"]
[Result "1-0"]
[WhiteElo "2460"]
[BlackElo "2450"]

1.d4 d5 2.c4 dxc4 3.Nf3 Nf6 4.e3 e6 5.Bxc4 c5 6.O-O a6 7.a4 Nc6 8.Qe2 Qc7
9.Nc3 Bd6 10.dxc5 Bxc5 11.e4 Ng4 12.g3 O-O 13.Bf4 e5 14.Nd5 Qd6 15.Bd2 Nf6
16.b4 Nxb4 17.Bxb4 Bxb4 18.Nxb4 Qxb4 19.Nxe5 Qc5 20.Qb2 Nxe4 21.Rac1 Qd6
22.Nxf7 Rxf7 23.Bxf7+ Kxf7 24.Rxc8 Rxc8 25.Qxb7+ Rc7 26.Qxe4 g6 27.Re1 Kg7
28.h4 h6 29.Qg4 Qd5 30.Rd1 Qf5 31.Qxf5 gxf5 32.Kg2 Rc4 33.Rd7+ Kg6 34.Rd6+ Kg7
35.Rxa6 h5 36.Kf3 Re4 37.a5 Ra4 38.Ra8 Kf6 39.a6 Ra3+ 40.Ke2 Kg7 41.Kd2 Rf3
42.Ke2 Ra3 43.a7 Kh7 44.Kd2 Kg7 45.Kc2  1-0

[Event "Calcutta"]
[Site "Calcutta"]
[Date "1986.??.??"]
[Round "?"]
[White "Inkiov, Ventzislav"]
[Black "Barua, Dibyendu"]
[Result "1-0"]
[WhiteElo "2465"]
[BlackElo "2395"]

1.Nf3 d5 2.d4 Nf6 3.c4 dxc4 4.e3 e6 5.Bxc4 c5 6.O-O a6 7.a4 Nc6 8.Qe2 Qc7
9.Nc3 Bd6 10.Rd1 O-O 11.h3 h6 12.d5 exd5 13.Bxd5 Nb4 14.e4 Nfxd5 15.Nxd5 Nxd5
16.Rxd5 Be6 17.Rh5 Rfd8 18.Be3 Rac8 19.Rc1 Qd7 20.Qc2 b5 21.axb5 axb5 22.Ne5 Qe7
23.f4 Qf6 24.Qf2 g6 25.Rxh6 Qg7 26.Qh4 Bf8 27.f5 Bxf5 28.Nxf7 g5 29.Bxg5 Qd4+
30.Kh1 Qxe4 31.Nxd8 Bxh6 32.Qxh6 Rc7 33.Bf6 Bxh3  1-0

[Event "Gausdal Int"]
[Site "Gausdal"]
[Date "1986.??.??"]
[Round "?"]
[White "Lundin, Erik"]
[Black "Zaltsman, Vitaly F"]
[Result "0-1"]
[WhiteElo "2330"]
[BlackElo "2430"]

1.d4 d5 2.Nf3 Nf6 3.c4 dxc4 4.e3 e6 5.Bxc4 c5 6.O-O a6 7.Bd3 Nc6 8.Nc3 cxd4
9.exd4 Nb4 10.Be2 Be7 11.Ne5 O-O 12.Bf3 Qb6 13.Re1 Rd8 14.Qb3 Qc7 15.Be3 Bd7
16.Bf4 Bd6 17.Bg5 Bc6 18.Rac1 Bxf3 19.Nxf3 Nd3 20.Ne4 Nxc1 21.Rxc1 Qa5 22.Nxd6 Rxd6
23.Qxb7 Qd5 24.Qb4 Rc6 25.Rxc6 Qxc6 26.Ne5 Qe4 27.h3 Nd5 28.Qb7 Rf8 29.Nd7 Re8
30.Ne5 Rf8 31.Nd7 Re8 32.Ne5 Qf5 33.g4 Qb1+ 34.Kh2 Rf8 35.Nd7 Qf1 36.Bh4 Re8
37.Bg3 f6 38.Nc5 Nf4 39.Nxe6 Qxh3+ 40.Kg1 Ne2+  0-1

[Event "Havana-B"]
[Site "Havana"]
[Date "1986.??.??"]
[Round "?"]
[White "Garcia Martinez, Silvino"]
[Black "Fernandez Garcia, Jose L"]
[Result "1/2-1/2"]
[WhiteElo "2455"]
[BlackElo "2455"]

1.d4 d5 2.c4 dxc4 3.Nf3 Nf6 4.e3 e6 5.Bxc4 c5 6.O-O a6 7.dxc5 Qxd1 8.Rxd1 Bxc5
9.Nc3 b5 10.Be2 Bb7 11.a3 Ke7 12.b4 Bd6 13.Bb2 Nbd7 14.Rac1 Rac8  1/2-1/2

[Event "Havana-A"]
[Site "Havana"]
[Date "1986.??.??"]
[Round "?"]
[White "Rodriguez, Amador"]
[Black "Vera, Reynaldo"]
[Result "1/2-1/2"]
[WhiteElo "2505"]
[BlackElo "2455"]

1.d4 d5 2.c4 dxc4 3.e3 Nf6 4.Bxc4 e6 5.Nf3 c5 6.O-O a6 7.Bb3 Nc6 8.Qe2 Qc7
9.Nc3 Bd6 10.Bd2 O-O 11.Rac1 b6 12.dxc5 Bxc5 13.Na4 Be7 14.Bc3 b5 15.Nc5 Bxc5
16.Bxf6 Bd6 17.Bh4 Bb7 18.Rfd1  1/2-1/2

[Event "Helsinki"]
[Site "Helsinki"]
[Date "1986.??.??"]
[Round "7"]
[White "Tisdall, Jonathan D"]
[Black "Binham, Timothy F"]
[Result "1/2-1/2"]
[WhiteElo "2455"]
[BlackElo "2370"]

1.d4 d5 2.c4 dxc4 3.Nf3 Nf6 4.e3 c5 5.Bxc4 e6 6.O-O a6 7.a4 Nc6 8.Qe2 Be7
9.Rd1 O-O 10.Nc3 Qc7 11.Bd2 Rd8 12.Be1 cxd4 13.exd4 Nb4 14.Rac1 Qd6 15.Ng5 Bd7
16.Nge4 Qf4 17.Nxf6+ Qxf6 18.d5 exd5 19.Rxd5 Bc6 20.Ne4 Qg6 21.Rxd8+ Rxd8
22.Ng3 Bf8 23.b3  1/2-1/2

[Event "URS-FL"]
[Site "Irkutsk"]
[Date "1986.??.??"]
[Round "?"]
[White "Dokhoian, Yury"]
[Black "Balashov, Yuri S"]
[Result "1/2-1/2"]
[WhiteElo "2450"]
[BlackElo "2530"]

1.d4 d5 2.c4 dxc4 3.e3 Nf6 4.Bxc4 e6 5.Nf3 c5 6.O-O a6 7.Qe2 b5 8.Bb3 Bb7
9.a4 Nbd7 10.Rd1 Qb6 11.axb5 axb5 12.Rxa8+ Bxa8 13.Nc3 b4 14.dxc5 Bxc5 15.Na4 Qb8
16.Nxc5 Nxc5 17.Bc4 O-O 18.Nd4 Rc8 19.f3 Bd5 20.Bxd5 Nxd5 21.e4 Ne7 22.Be3 h6
23.Rc1 Na4 24.Ra1 Nc5 25.Ra5 Qd6 26.Ra7 Ng6 27.Qd2 Ne5 28.Nf5 Qxd2 29.Ne7+ Kh7
30.Bxd2 Rd8 31.Bxb4 Rd1+ 32.Kf2 Ncd3+ 33.Ke2 Rg1 34.Bc3 Rxg2+ 35.Ke3 Rxh2
36.f4 Rh3+ 37.Kd4 Ng4 38.f5 e5+ 39.Kc4 Ngf2 40.Nc8 Nxe4 41.Rxf7 Rf3 42.Kd5 Nf6+
43.Ke6 e4 44.Nd6 e3 45.Ke7 Kg8 46.Rf8+ Kh7 47.Rf7 Kg8 48.Rf8+ Kh7 49.Rf7  1/2-1/2

[Event "UKR-ch"]
[Site "Kiev"]
[Date "1986.??.??"]
[Round "9"]
[White "Buturin, Vladimir"]
[Black "Vainerman, Igor"]
[Result "0-1"]
[WhiteElo "2200"]
[BlackElo "2200"]

1.d4 d5 2.c4 dxc4 3.e3 Nf6 4.Bxc4 e6 5.Nf3 c5 6.O-O a6 7.Qe2 b5 8.Bd3 Bb7
9.Rd1 Nbd7 10.a4 b4 11.Nbd2 Be7 12.a5 Qc7 13.Nc4 O-O 14.Nfe5 cxd4 15.exd4 Nd5
16.Qh5 f5 17.Bd2 Nxe5 18.Nxe5 Bf6 19.Re1 Rac8 20.Qd1 Rfe8 21.Rc1 Qxa5 22.Rxc8 Bxc8
23.Bxf5 g6 24.Bb1 Qc7 25.h4 Bxh4 26.Qg4 Bf6 27.Bxg6 Rf8 28.Be4+ Kh8 29.Qh3 Bxe5
30.dxe5 Qf7 31.f3 Bb7 32.Bg5 Rg8 33.Qh4 Rc8 34.Kf2 Bc6 35.Rh1 Qa7+ 36.Kg3 Rc7
37.Rh3 Rg7 38.Kh2 Qc7 39.f4 Rf7  0-1

[Event "Lauda MA"]
[Site "Lauda"]
[Date "1986.??.??"]
[Round "5"]
[White "Herbrechtsmeier, Christof"]
[Black "Sutterer, Robert"]
[Result "1-0"]
[WhiteElo "2320"]
[BlackElo "2230"]

1.d4 Nf6 2.Nf3 d5 3.c4 dxc4 4.e3 e6 5.Bxc4 c5 6.O-O Nc6 7.Nc3 a6 8.Qe2 b5
9.Bb3 Bb7 10.Rd1 Qb6 11.d5 exd5 12.Nxd5 Nxd5 13.Bxd5 Be7 14.b3 Bf6 15.Bb2 Bxb2
16.Qxb2 O-O 17.Rac1 Rac8 18.Ng5 Nd8 19.Qc2 Qh6 20.Ne4 c4 21.Qb1 cxb3 22.Rxc8 Bxc8
23.Qxb3 Ne6 24.Nd6 Qf6 25.f4 Rd8 26.Ne4 Qe7 27.f5 Ng5 28.Nxg5 Qxg5 29.Bxf7+ Kf8
30.Rxd8+ Qxd8 31.Bg8 Qc7 32.Bxh7 Qc1+ 33.Kf2 Qd2+ 34.Kg3 Qd6+ 35.Kg4 Qxh2
36.Qg8+ Ke7 37.Qxg7+ Kd8 38.Qd4+ Bd7 39.Bg6 Qxg2+ 40.Kf4 Qh2+ 41.Kg5 Qg3+
42.Kf6 Qc7 43.Bf7 Kc8 44.Be6 Bxe6 45.fxe6 Qc6 46.Ke7 Qh1 47.Qd7+ Kb8 48.Kd8 Qh8+
49.Qe8 Qf6+ 50.Kd7+ Ka7 51.Qf7 Qc3 52.Kd8+ Kb8 53.Qf4+ Kb7 54.Qe4+ Kb8 55.Qd4 Qc8+
56.Ke7 Qb7+ 57.Kf6 Qf3+  1-0